• 首页
  • 本馆介绍
  • 公告通知
  • 最新文献
  • 馆藏检索
  • 电子资源
  • 读者导购
  • 参考咨询
  • 我的图书馆
  • 登录
  • 详细信息显示
  • 放入我的书架
  • 预约/预借图书
  • 作者相关作品
  • 分类相关作品
  • 丛书相关作品
  • 出版社相关作品

书目信息

  • 表格格式
  • 工作单格式
  • 卡片格式
题名:
脊椎动物的进化
    
 
作者: 科尔伯特 著 ;周明镇 译
分册:  
出版信息: 北京   地质出版社  1976
页数: 518页
开本: 20cm
丛书名:
单 册:
中图分类: Q915.86
科图分类:
主题词: 脊椎动物门-古动物学 , 古动物学-脊椎动物门
电子资源:
ISBN:
000 00747nam0 2200253 45
001 0176000615
005 20060728171544.53
010    @dCNY1.90
100    @a19951019d1976 em y0chiy0121 ea
101 1  @achi@ceng
102    @aCN@b110000
105    @ay z 000yy
200 10 @a脊椎动物的进化@Aji zhui dong wu de jin hua@e各时代脊椎动物的历史@f(美)E.H.科尔伯特著@g周明镇等译
210    @a北京@c地质出版社@d1976
215    @a518页@d20cm
300    @a本书是根据1969年第2版翻译的
606    @a脊椎动物门-古动物学
606    @a古动物学-脊椎动物门
690    @aQ915.86@v3
701  1 @a科尔伯特@Ake er bao te@bE.H.@4著
702  0 @a周明镇@Azhou ming zhen@4译
801  2 @aCN@bNLC@c20060728
801  0 @aCN@bTSSF
905    @a10447@dQ915.86@e18
    
    脊椎动物的进化:各时代脊椎动物的历史/(美)E.H.科尔伯特著/周明镇等译.-北京:地质出版社,1976
    518页;20cm
    本书是根据1969年第2版翻译的
    
    ISBN :CNY1.90
    
●
相关链接 在E读中查询图书 在五车中查询图书 在当当中查询图书 在豆瓣中查询图书


正题名:脊椎动物的进化     索取号:Q915.86/18         预约/预借

序号 登录号 条形码 馆藏地/架位号 状态 备注
1 0439023   204390239   密集书库/ [索取号:Q915.86/18] 在馆    
唐山师范学院图书馆 欢迎您!
大连网信软件有限公司© 版权所有